000 01136pam a2200301 a 4500
001 3054291
003 OSt
005 20140310182259.0
008 960905s1997 nyua c 000 1 eng
010 _a 96041227
020 _a0590947281
040 _aDLC
_cDLC
_dDLC
042 _alcac
050 0 0 _aPZ 7
_b.D2394Ao 1997
082 0 0 _aFIC R245
_b 1997
100 1 _aDanziger, Paula,
_d1944-
_920537
245 1 0 _aAmber Brown Sees Red /
_cPaula Danziger ; Illustrated by Tony Ross.
260 _aNew York :
_bPutnam's,
_cc1997.
300 _a116 p. :
_bill. ;
_c22 cm.
520 _aThe year that she is in the fourth grade is a difficult one for Amber, as she tries to deal with escalating telephone fights between her divorced parents and her father's impending return to take joint custody of her.
650 1 _aDivorce
_xFiction.
_920538
650 1 _aSchools
_xFiction.
_920539
700 1 _aRoss, Tony,
_eill.
_920540
906 _a7
_bcbc
_corignew
_d1
_eocip
_f19
_gy-gencatlg
942 _2lcc
_cBK-FIC
999 _c11537
_d11537